Využívanie sociálnych médií ako nástroj inovatívneho manažmentu a jeho uplatňovanie v podnikoch na Slovensku

Výzvy, ktorým dnešné podniky musia čeliť. Zmena ekonomického a podnikateľského prostredia a jej vplyv na prienik nových trendov do riadiacej praxe. Programy sociálnych médií - teoretické východiská. Sociálne médiá a ich využívanie podnikmi na Slovensku. Vplyv moderných manažérskych nástrojov na výko...

Descrizione completa

Salvato in:
Dettagli Bibliografici
Autore principale: Čambalíková, Andrea, 1990-
Natura: Capitolo di libro
Lingua:slovacco
Soggetti:
Tags: Aggiungi Tag
Nessun Tag, puoi essere il primo ad aggiungerne!!

MARC

LEADER 00000naa$a2200000$$$4500
001 0248868
005 20240502083708.1
041 0 |a slo 
044 |a CZ 
245 1 0 |a Využívanie sociálnych médií ako nástroj inovatívneho manažmentu a jeho uplatňovanie v podnikoch na Slovensku  |c Andrea Čambalíková 
520 |a Výzvy, ktorým dnešné podniky musia čeliť. Zmena ekonomického a podnikateľského prostredia a jej vplyv na prienik nových trendov do riadiacej praxe. Programy sociálnych médií - teoretické východiská. Sociálne médiá a ich využívanie podnikmi na Slovensku. Vplyv moderných manažérskych nástrojov na výkonnosť podniku. 
610 2 0 |a riadenie podnikové 
610 2 0 |a manažment 
610 2 0 |a vedenie podniku 
610 2 0 |a médiá sociálne 
610 2 0 |a internet 
610 2 0 |a komunikácia elektronická 
610 2 0 |a vzťahy so zákazníkmi 
610 2 0 |a inovácia 
610 2 0 |a siete sociálne 
610 2 0 |a firmy 
610 2 0 |a výkonnosť podniku 
610 2 0 |a Slovensko 
100 1 |a Čambalíková, Andrea, 1990-